000 00833cam a22002651a 4500
001 12252
003 GBCCL
005 20241126110428.0
008 730116s1963 nyu 00010 engm
010 _a 63009442 /L/r852
035 _aOCM00384091
040 _aDLC
_cDLC
_dm.c.
_dLBB
043 _an-us---
049 _aLBBK
_aLBBA
050 0 _aBV4464.5
_b.W5 1963
082 _a259.5
_bWIL
092 _a259.5
_bW681
100 1 _aWilkerson, David R.
_92348
245 1 4 _aThe cross and the switchblade /
_cby David Wilkerson, with John & Elizabeth Sherrill.
260 _a[New York] :
_bBernard Geis Associates :
_bdistributed by Random House,
_c1975, c1963.
300 _a217 p. ;
_c22 cm.
600 1 0 _aWilkerson, David R.
_92348
650 0 _aChurch work with juvenile delinquents
_zUnited States.
_94955
942 _2ddc
_cBK
_04
999 _c2394
_d2394